Čína v súčasných medzinárodných vzťahoch bakalárska práca

Enregistré dans:
Détails bibliographiques
Auteur principal: Feketeová, Nina
Collectivité auteur: Fakulta medzinárodných vzťahov EU. Katedra medzinárodných politických vzťahov
Autres auteurs: Kucharčík, Rudolf, 1977-
Format: Livre
Langue:slovaque
Publié: Bratislava 2011
Tags: Ajouter un tag
Pas de tags, Soyez le premier à ajouter un tag!

MARC

LEADER 00000nbm a2200000 4500
001 0131116
005 20170120125957.7
041 0 |a slo 
044 |a SK 
245 1 0 |a Čína v súčasných medzinárodných vzťahoch  |b bakalárska práca  |c Nina Feketeová ; školiteľ: Rudolf Kucharčík 
264 1 |a Bratislava  |c 2011 
300 |a 36 s. 
100 1 |a Feketeová, Nina 
700 1 |a Kucharčík, Rudolf, 1977- 
710 2 |a Fakulta medzinárodných vzťahov EU. Katedra medzinárodných politických vzťahov